000 00982nam a2200229 a 4500
001 BRCA_1487
005 20190320203441.0
008 060425s2006 sp-a---##b---f001-0#spa-#
020 _a848181282X
050 4 _aE59.T35
_b.R66 2006
100 1 _aRoquero Caparrós, Ana
_94855
245 1 0 _aTintes y tintoreros de América
_bcatálogo de materias primas y registro etnográfico de México, Centro América, Andes Centrales y Selva Amazónica
_cAna Roquero.
260 _aMadrid
_bMinisterio de Cultura : Dirección General de Bellas Artes y Bienes Culturales
_c2006
300 _a254 p.
_bil. a color
_c27 cm.
500 _aIncluye índice de nombres comúnes y científicos
504 _aBibliografía : p. 245-250
650 1 4 _aIndustria textil indígena
_zLatinoamérica
_94856
650 1 4 _aIndígenas
_xEtnobotánica
_zLatinoamérica
_94857
650 1 4 _aTintes y teñido doméstico
_xVida social y costumbres
_zLatinoamérica
_94858
653 0 _aVida cotidiana
942 _2lcc
_cB
999 _c1348
_d1348